Nuevas orientaciones para una catequesis de adolescentes / (Record no. 139566)

MARC details
000 -LEADER
campo de control de longitud fija 00535nam a2200169 4500
001 - NÚMERO DE CONTROL
campo de control 139566
003 - IDENTIFICADOR DE NÚMERO DE CONTROL
campo de control ES-MaACL
005 - FECHA Y HORA DE LA ÚLTIMA TRANSACCIÓN
campo de control 20230906195836.0
007 - CAMPO FIJO DE DESCRIPCIÓN FÍSICA--INFORMACIÓN GENERAL
campo de control de longitud fija t|
008 - DATOS DE LONGITUD FIJA--INFORMACIÓN GENERAL
campo de control de longitud fija 070214s1970 sp r ||||1| spa d
100 1# - ENTRADA PRINCIPAL--NOMBRE DE PERSONA
Nombre de persona Sauvêtre, Michel.
9 (RLIN) 104040
245 10 - MENCIÓN DEL TÍTULO
Título Nuevas orientaciones para una catequesis de adolescentes /
Mención de responsabilidad, etc. Michel Sauvêtre ; traducción de Juan J. Echeveste.
260 ## - PUBLICACIÓN, DISTRIBUCIÓN, ETC.
Lugar de publicación, distribución, etc. Salamanca :
Nombre del editor, distribuidor, etc. Sígueme,
Fecha de publicación, distribución, etc. 1970.
300 ## - DESCRIPCIÓN FÍSICA
Extensión 161 p. ;
Dimensiones 19 cm.
700 1# - ENTRADA AGREGADA--NOMBRE PERSONAL
Nombre de persona Echeveste, Juan J.
9 (RLIN) 46591
852 ## - LOCALIZACIÓN
Ubicación ES-MaACL
Número de control de estantería C-44868
Sublocalización o colección R.73358
Holdings
Estatus retirado Estado de pérdida Estado de daño No para préstamo Biblioteca de origen Biblioteca actual Ubicación en estantería Fecha de adquisición Fuente de adquisición Total de préstamos Signatura topográfica completa Código de barras Visto por última vez Precio de reemplazo Tipo de ítem Koha
        Biblioteca del Ateneo de Madrid Biblioteca del Ateneo de Madrid Depósito 2 17/01/2008     C-44868 1145240 23/02/2023 23/02/2023 Libro impreso